Players the played in the 2012& 2018 PDC World Championships - Statistics

General Stats
  • This quiz has been taken 20 times
  • The average score is 21 of 26
Answer Stats
Country Player % Correct
Scotland Gary Anderson
100%
England James Wade
100%
Belgium Kim Huybrechts
100%
Wales Mark Webster
100%
Austria Mensur Suljovic
100%
Netherlands Michael van Gerwen
100%
Scotland Peter Wright
100%
England Phil Taylor
100%
Netherlands Raymond van Barneveld
100%
Australia Simon Whitlock
100%
England Adrian Lewis
93%
South Africa Devon Petersen
93%
Spain Antonio Alcinas
87%
Scotland Robert Thornton
87%
Netherlands Jelle Klaasen
80%
Netherlands Vincent van der Voort
73%
England Joe Cullen
67%
Scotland John Henderson
67%
England Justin Pipe
67%
England Mervyn King
67%
England Dave Chisnall
60%
England Kevin Painter
60%
England Michael Smith
60%
England Steve Beaton
53%
England Ian White
27%
England James Richardson
13%
No matching quizzes found
Score Distribution
Percent of People with Each Score
Percentile by Number Answered
Your Score History
You have not taken this quiz